000 00961nam a2200241Ia 4500
003 OSt
005 20241127101752.0
008 210716s2005 xx 000 0 und d
020 _a8174464123
040 _cAIMIT LIBRARY
041 _aeng
082 _a001.0726588
_21
_bNARR
245 _aManaging customer relationships in service industries /
_cEdited by Rajendra Nargundkar.
250 _a1st ed.
260 _aNew Delhi :
_bExcel Books ,
_c2005.
300 _ax,266p. ;
_bPB
_c25.2 cm
650 _aStrategic advantage of virtual reality technology for the emerging
_9186750
650 _aCustomer satisfaction in business -to- consumer E-commerce : an assessment in a developing economy
_9186751
650 _aRelationship marketing practices at life insurance corporation of India Madurai division
_9186752
700 _aNargundkar, Rajendra., ed.
_9186753
700 _aPanda, Tapan K., ed.
_9186754
942 _2ddc
_cBK
_e1st ed.
_k001.0726588 NARR
999 _c204690
_d204690